| 000 | 00975nam a2200181 a 4500 | ||
|---|---|---|---|
| 008 | 211021s2014 ||||||||||||||||| || u | ||
| 020 | _a9781446282038 | ||
| 050 | _aQ 180.55 Fri | ||
| 100 | _aFriese, Susanne | ||
| 245 | 1 | 0 |
_aQualitative Data Analysis with Atlas.ti.(2nd edition) _cBy Susanne Friese |
| 250 | _a2nd edition | ||
| 260 |
_aNew Delhi _bSAGE Publications _c2014 |
||
| 300 | _axvi,279 pages: illustration | ||
| 650 | _aQUALITATIVE RESEARCH--DATA PROCESSING | ||
| 995 |
_aMAIN LIBRARY OPEN ACCESS _e751179 _FCBU-MAIN LIBRARY (Kitwe) _I102.34 _jQ 180.55 Fri _M2 _UAVAILABLE _WOct 21, 2021 _y751179 _ZMain Library Open Access Collection |
||
| 995 |
_aMAIN LIBRARY OPEN ACCESS _e751180 _FCBU-MAIN LIBRARY (Kitwe) _I102.34 _jQ 180.55 Fri _M3 _UAVAILABLE _WOct 21, 2021 _y751180 _ZMain Library Open Access Collection |
||
| 995 |
_aMAIN LIBRARY OPEN ACCESS _e751178 _FCBU-MAIN LIBRARY (Kitwe) _I102.34 _jQ 180.55 Fri _M1 _UAVAILABLE _WOct 21, 2021 _y751178 _ZMain Library Open Access Collection |
||
| 999 |
_c79882 _d79882 |
||